Požiadavky na mobilitu pracovnej sily a rýchly rozvoj sektora služieb zvyšujú nároky na vzdelávanie
Otázka ľudských zdrojov v Európe - história a súčasnosť. Rýchly rozvoj sektora služieb. Príprava ľudí pre služby, nároky na vzdelanie. Prechod ľudí na iné profesie. Medzinárodné štandardy na trhu práce. Príprava SR na vstup do EÚ, kvalita pracovnej sily. Potreba ďalšieho i celoživotného vzdelávania....
Uložené v:
| Hlavný autor: | |
|---|---|
| Ďalší autori: | , |
| Médium: | Kapitola |
| Jazyk: | Slovak |
| Predmet: | |
| Tagy: |
Žiadne tagy, Buďte prvý, kto otaguje tento záznam!
|
MARC
| LEADER | 00000naa a2200000 4500 | ||
|---|---|---|---|
| 001 | r025309 | ||
| 005 | 20230921080607.3 | ||
| 041 | 0 | |a slo | |
| 044 | |a SK | ||
| 245 | 1 | 0 | |a Požiadavky na mobilitu pracovnej sily a rýchly rozvoj sektora služieb zvyšujú nároky na vzdelávanie |c R. Rocha, E.S. Andrewsová, E. Reiselová |
| 520 | |a Otázka ľudských zdrojov v Európe - história a súčasnosť. Rýchly rozvoj sektora služieb. Príprava ľudí pre služby, nároky na vzdelanie. Prechod ľudí na iné profesie. Medzinárodné štandardy na trhu práce. Príprava SR na vstup do EÚ, kvalita pracovnej sily. Potreba ďalšieho i celoživotného vzdelávania. Význam ďalšieho vzdelávania pre úspešnosť firmy. Príprava ľudí na vstup na trh práce. | ||
| 610 | 2 | 0 | |a zdroje ľudské |
| 610 | 2 | 0 | |a sily pracovné |
| 610 | 2 | 0 | |a služby |
| 610 | 2 | 0 | |a vzdelávanie |
| 610 | 2 | 0 | |a rekvalifikácia |
| 610 | 2 | 0 | |a vzdelávanie permanentné |
| 610 | 2 | 0 | |a trh práce |
| 610 | 2 | 0 | |a Slovensko |
| 610 | 2 | 0 | |a Európa |
| 100 | 1 | |a Rocha, R. | |
| 700 | 1 | |a Andrewsová, E.S. | |
| 700 | 1 | |a Reiselová, E. | |